000 00553nam a2200181Ia 4500
008 090123s9999 xx 000 0 und d
082 _b24599
_a891.463/राजे
100 _aराजे नयना
245 _aअनोख्या वाटा
250 _a1
260 _bनवचैतन्य प्रकाशन
300 _a191
600 _aराजे नयना
630 _aअनोख्या वाटा
700 _aराजे नयना
730 _aअनोख्या वाटा
942 _cBOOK
999 _c62670
_d62670